| 000 | 00554nam a2200193 a 4500 | ||
|---|---|---|---|
| 005 | 20140310183445.0 | ||
| 008 | 080925s19uu xx 00 eng d | ||
| 020 | _a9780470034811 | ||
| 050 |
_aNA 2700 _b.C59 2008 |
||
| 100 | _aCook, Peter. | ||
| 245 |
_aDrawing : _bthe motive force of architecture./ _cPeter Cook. |
||
| 260 |
_aGreat Britain : _bJohn Wiley & Sons, Ltd, _c2008. |
||
| 300 |
_a208 p. : _bill. col. ; _c22 cm. |
||
| 521 | _aMA | ||
| 650 | _aMedia Arts. | ||
| 650 | _aArchitectural drawing. | ||
| 942 |
_cBK _2lcc _kFOR |
||
| 999 |
_c23222 _d23222 |
||